El Ordenamiento de los ingresos públicos en Centroamérica /
En esta sección se presentan algunas medidas impulsadas por los gobiernos de Centroamérica y Panamá en materia tributaria, así como sus efectos en el nivel de ingresos, las reformas propuestas para incrementar la recaudación y disminuir la evasión y los ajustes de modernización organizacional y de l...
Uloženo v:
| Hlavní autor: | |
|---|---|
| Médium: | Text |
| Témata: | |
| Tagy: |
Přidat tag
Žádné tagy, Buďte první, kdo vytvoří štítek k tomuto záznamu!
|
MARC
| LEADER | 00000 a a2200000 04500 | ||
|---|---|---|---|
| 001 | 14130 | ||
| 003 | |||
| 040 | |||
| 100 | |a Figueroa de Jain, Rethelny | ||
| 245 | |a El Ordenamiento de los ingresos públicos en Centroamérica / |c Rethelny Figueroa de Jain | ||
| 520 | |a En esta sección se presentan algunas medidas impulsadas por los gobiernos de Centroamérica y Panamá en materia tributaria, así como sus efectos en el nivel de ingresos, las reformas propuestas para incrementar la recaudación y disminuir la evasión y los ajustes de modernización organizacional y de los recursos humanos de las administraciones tributarias del istmo. REV//jmml | ||
| 650 | |a FINANZAS PUBLICAS | ||
| 650 | |a HACIENDA | ||
| 650 | |a PRESUPUESTO | ||
| 650 | |a MODERNIZACION | ||
| 650 | |a RECURSOS HUMANOS | ||
| 650 | |a SECTOR PUBLICO | ||
| 650 | |a ADMINISTRACION FISCAL | ||
| 650 | |a IMPUESTO AL VALOR AGREGADO | ||
| 650 | |a IMPUESTOS | ||
| 650 | |a RECAUDACION DE IMPUESTOS | ||
| 650 | |a PRESUPUESTO | ||
| 773 | |g número 37; páginas 129-165 | ||
| 999 | |c 20734 |d 20734 | ||
